000 00348 a2200145 4500
001 155513
040 _cEscola São Tomás de Aquino
100 _aVASCONCELOS, Adson
240 1 0 _aAprender juntos português 3
_lpor
245 1 0 _aAprender juntos português 3
300 _a304
362 0 _a2013
697 _aLíngua portuguesa
942 _cBK
999 _c155513
_d155513